|
|
|
|
| LEADER |
01910nam a22002531i 4500 |
| 003 |
GR-PaULI |
| 005 |
20210117210457.0 |
| 008 |
171013s 2 g a|||| |||| 100 0 gre | |
| 020 |
|
|
|a 9789609897112
|
| 040 |
|
|
|a GR-PaULI
|b gre
|c GR-PaULI
|e AACR2
|
| 082 |
|
4 |
|2 23
|a 489.37
|
| 111 |
2 |
|
|9 164724
|a Επιστημονικό Συμπόσιο "Το κεφαλονίτικο γλωσσικό ιδίωμα"
|d (2007 :
|c Αργοστόλι)
|
| 245 |
1 |
3 |
|a Το κεφαλονίτικο γλωσσικό ιδίωμα :
|b πρακτικά επιστημονικού συμποσίου /
|c οργάνωση Σύνδεσμος Φιλολόγων Κεφαλονιάς-Ιθάκης ; συνεργασία Κέντρο Ερεύνης των Νεοελληνικών Διαλέκτων και Ιδιωμάτων της Ακαδημίας Αθηνών ; επιμέλεια Πέτρος Πετράτος.
|
| 260 |
|
|
|a Αργοστόλι :
|b Σύνδεσμος Φιλολόγων Κεφαλονιάς-Ιθάκης,
|c 2012.
|
| 300 |
|
|
|a 213 σ. :
|b εικ., πανομ. ;
|c 24 εκ.
|
| 500 |
|
|
|a Αργοστόλι, 13 Οκτωβρίου 2007.
|
| 546 |
|
|
|a Περιλαμβάνει περιλήψεις στα αγγλικά.
|
| 650 |
|
4 |
|9 164725
|a Ελληνική γλώσσα, Νέα
|x Διάλεκτοι
|z Κεφαλονιά
|
| 710 |
2 |
|
|9 164726
|a Σύνδεσμος Φιλολόγων Κεφαλονιάς-Ιθάκης
|e Οργανωτής
|
| 710 |
2 |
|
|9 164727
|a Κέντρο Ερεύνης των Νεοελληνικών Διαλέκτων και Ιδιωμάτων της Ακαδημίας Αθηνών
|
| 942 |
|
|
|2 ddc
|c BK15
|
| 952 |
|
|
|0 0
|1 0
|2 ddc
|4 0
|6 489_370000000000000_ΕΠΙ
|7 0
|9 216203
|a LISP
|b LISP
|c BSC
|d 2017-10-13
|i 14034
|l 1
|m 1
|o 489.37 ΕΠΙ
|p 025000072255
|r 2019-03-22 00:00:00
|s 2019-02-20
|t 1
|v 2017.00
|w 2017-10-13
|y BK15
|x Συλλογή Τμήματος Φιλολογίας
|
| 998 |
|
|
|c ΓΚΟΓΚΟΥ
|d 2017-10
|
| 999 |
|
|
|c 131162
|d 131162
|